Annual report of the Indian Central Cotton Comittee, Bombay / (Record no. 831770)

MARC details
000 -LEADER
fixed length control field 02007nas a2200565 a 4500
001 - CONTROL NUMBER
control field vtls001409561
003 - CONTROL NUMBER IDENTIFIER
control field NLI
005 - DATE AND TIME OF LATEST TRANSACTION
control field 20210627105151.0
008 - FIXED-LENGTH DATA ELEMENTS--GENERAL INFORMATION
fixed length control field 121127s1927 ii a 001 0 eng d
039 #9 - LEVEL OF BIBLIOGRAPHIC CONTROL AND CODING DETAIL [OBSOLETE]
-- 201211272107
-- VLOAD
040 0# - CATALOGING SOURCE
Original cataloging agency NLI
Language of cataloging eng
Transcribing agency Entertech IOD - 2013
Description conventions AACR2
041 0# - LANGUAGE CODE
Language code of text/sound track or separate title eng
044 ## - COUNTRY OF PUBLISHING/PRODUCING ENTITY CODE
MARC country code ii
082 04 - DEWEY DECIMAL CLASSIFICATION NUMBER
Classification number 633.51
245 10 - TITLE STATEMENT
Title Annual report of the Indian Central Cotton Comittee, Bombay /
Statement of responsibility, etc. Indian Central Cotton Comittee, (Bombay, Inida)
260 ## - PUBLICATION, DISTRIBUTION, ETC.
Place of publication, distribution, etc. Bombay :
Name of publisher, distributor, etc. G. Claridge,
Date of publication, distribution, etc. 1927
300 ## - PHYSICAL DESCRIPTION
Extent -v. ;
Dimensions 24 cm.
310 ## - CURRENT PUBLICATION FREQUENCY
Current publication frequency Annual
650 #0 - SUBJECT ADDED ENTRY--TOPICAL TERM
Topical term or geographic name entry element Cotton trade
Geographic subdivision India
9 (RLIN) 778522
650 #0 - SUBJECT ADDED ENTRY--TOPICAL TERM
Topical term or geographic name entry element Cotton manufacture
Geographic subdivision India
9 (RLIN) 792851
650 #0 - SUBJECT ADDED ENTRY--TOPICAL TERM
Topical term or geographic name entry element Cotton growing
Geographic subdivision India
Form subdivision Congresses
887 ## - NON-MARC INFORMATION FIELD
Content of non-MARC field
901 ## - LOCAL DATA ELEMENT A, LDA (RLIN)
a IMP125830 date
b 02.02.2011
9 1927
901 ## - LOCAL DATA ELEMENT A, LDA (RLIN)
a IMP125829 date
b 02.02.2011
9 1926
901 ## - LOCAL DATA ELEMENT A, LDA (RLIN)
a IMP125828 date
b 02.02.2011
9 1925
901 ## - LOCAL DATA ELEMENT A, LDA (RLIN)
a IMP125837 date
b 02.02.2011
9 1925, c.2
901 ## - LOCAL DATA ELEMENT A, LDA (RLIN)
a IMP125835 date
b 02.02.2011
9 1923
901 ## - LOCAL DATA ELEMENT A, LDA (RLIN)
a IMP125836 date
b 02.02.2011
9 1924
901 ## - LOCAL DATA ELEMENT A, LDA (RLIN)
a IMP125838 date
b 02.02.2011
9 1928
901 ## - LOCAL DATA ELEMENT A, LDA (RLIN)
a IMP125839 date
b 02.02.2011
9 1929
901 ## - LOCAL DATA ELEMENT A, LDA (RLIN)
a IMP125843 date
b 02.02.2011
9 1933
901 ## - LOCAL DATA ELEMENT A, LDA (RLIN)
a IMP125840 date
b 02.02.2011
9 1930
901 ## - LOCAL DATA ELEMENT A, LDA (RLIN)
a IMP125841 date
b 02.02.2011
9 1931
901 ## - LOCAL DATA ELEMENT A, LDA (RLIN)
a IMP125842 date
b 02.02.2011
9 1932
901 ## - LOCAL DATA ELEMENT A, LDA (RLIN)
a IMP125844 date
b 02.02.2011
9 1934
901 ## - LOCAL DATA ELEMENT A, LDA (RLIN)
a IMP125845 date
b 02.02.2011
9 1935
901 ## - LOCAL DATA ELEMENT A, LDA (RLIN)
a IMP125846 date
b 02.02.2011
9 1936
901 ## - LOCAL DATA ELEMENT A, LDA (RLIN)
a IMP125847 date
b 02.02.2011
9 1937
901 ## - LOCAL DATA ELEMENT A, LDA (RLIN)
a IMP125848 date
b 02.02.2011
9 1938
901 ## - LOCAL DATA ELEMENT A, LDA (RLIN)
a IMP125849 date
b 02.02.2011
9 1939
901 ## - LOCAL DATA ELEMENT A, LDA (RLIN)
a IMP125850 date
b 02.02.2011
9 1940
901 ## - LOCAL DATA ELEMENT A, LDA (RLIN)
a IMP125851 date
b 02.02.2011
9 1941, 20th
901 ## - LOCAL DATA ELEMENT A, LDA (RLIN)
a IMP125852 date
b 02.02.2011
9 1943, 22nd
901 ## - LOCAL DATA ELEMENT A, LDA (RLIN)
a IMP125853 date
b 02.02.2011
9 1944, 23rd
901 ## - LOCAL DATA ELEMENT A, LDA (RLIN)
a IMP125879 date
b 02.02.2011
9 1946, 25th
901 ## - LOCAL DATA ELEMENT A, LDA (RLIN)
a IMP125880 date
b 02.02.2011
9 1922
902 ## - LOCAL DATA ELEMENT B, LDB (RLIN)
a GP 633.51(54) In2ccc
942 ## - ADDED ENTRY ELEMENTS (KOHA)
Source of classification or shelving scheme Dewey Decimal Classification
Koha item type Books
Holdings
Withdrawn status Lost status Damaged status Not for loan Collection code Home library Current library Shelving location Date acquired Total Checkouts Full call number Date last seen Price effective from Koha item type
        Government Publications National Library of India National Library of India Annexe Reading Room & Stack Division     GP 633.51(54) In2ccc 27/06/2021 27/06/2021 Books
                                                                           
web counter

Copyright ©2020 The National Library of India, Govt. of India ↔ Hosted by NVLI, MOC ↔ Technology and Design by National Library of India, Ministry of Culture, Govt. of India